[Event "28th Hoogeveen op"]
[Site "Hoogeveen NED"]
[Date "2025.10.21"]
[Round "4.9"]
[White "Edwardss, Dylan"]
[Black "Schuricht, Emil Frederick"]
[Result "1-0"]
[WhiteElo "2137"]
[BlackElo "2294"]
[EventDate "2025.10.18"]
[PlyCount "115"]

1.e4 c6 2.d4 d5 3.Nc3 dxe4 4.Nxe4 Bf5 5.Ng3 Bg6 6.f4 e6 7.Nf3 Nf6 8.h4 h5 
9.Bd3 Bxd3 10.Qxd3 g6 11.Bd2 Nbd7 12.O-O-O Bg7 13.Ne5 O-O 14.Bb4 Re8 15.
Ba3 Qb6 16.Ne4 Qc7 17.Kb1 Nxe4 18.Qxe4 Nf6 19.Qf3 Rad8 20.g4 hxg4 21.Nxg4 
Nh5 22.Ne5 Qa5 23.c4 Qb6 24.Bc5 Qc7 25.Ba3 a5 26.Rhg1 b5 27.Bc5 bxc4 28.
Rg5 Rd5 29.Rdg1 Rb8 30.Rxh5 gxh5 31.Nxc6 Rxc5 32.Nxb8 Rf5 33.Qg2 f6 34.Na6
Qf7 35.Nc5 Rxf4 36.Qxg7+ Qxg7 37.Rxg7+ Kh8 38.Ra7 Rxd4 39.Nxe6 Rxh4 40.
Rxa5 Kh7 41.Rd5 Re4 42.Nc5 Re1+ 43.Kc2 Kg6 44.a4 h4 45.Kc3 h3 46.Rd2 Rc1+ 
47.Kb4 Rg1 48.Rh2 Rg2 49.Rxh3 Rxb2+ 50.Kxc4 f5 51.Ra3 Rb8 52.a5 f4 53.a6 
Ra8 54.Kb5 Kf5 55.Kb6 Kg4 56.a7 f3 57.Nd3 Kf5 58.Kb7 1-0

[Event "28th Hoogeveen op"]
[Site "Hoogeveen NED"]
[Date "2025.10.21"]
[Round "4.10"]
[White "Van Veelen, Thomas"]
[Black "Van Batenburg, Mees"]
[Result "1/2-1/2"]
[WhiteElo "2081"]
[BlackElo "2231"]
[EventDate "2025.10.18"]
[PlyCount "93"]

1.d4 Nf6 2.c4 e6 3.Nf3 d5 4.Nc3 Nbd7 5.cxd5 exd5 6.Bf4 Nb6 7.Qc2 c6 8.e3 
Bd6 9.Bxd6 Qxd6 10.Bd3 O-O 11.O-O Re8 12.h3 g6 13.Nd2 Kg7 14.a3 a5 15.b3 
Be6 16.Nf3 Qe7 17.Rfb1 Nc8 18.Ne5 Nd6 19.b4 Nfe4 20.Rc1 f6 21.Nf3 Bf5 22.
Bxe4 Bxe4 23.Nxe4 Qxe4 24.Qc5 Qe7 25.Nd2 a4 26.Qc2 h5 27.Nb1 Qe4 28.Nc3 
Qxc2 29.Rxc2 Nc4 30.Ne2 h4 31.Nf4 g5 32.Nd3 b5 33.Nb2 f5 34.Nxc4 dxc4 35.
Rd1 Rad8 36.Re2 Rd5 37.f3 Red8 38.Red2 R5d6 39.Kf2 f4 40.e4 c3 41.Rc2 Rxd4
42.Rxd4 Rxd4 43.Rxc3 Rd2+ 44.Kf1 Ra2 45.Rxc6 Ra1+ 46.Kf2 Ra2+ 47.Kf1 
1/2-1/2

[Event "28th Hoogeveen op"]
[Site "Hoogeveen NED"]
[Date "2025.10.21"]
[Round "4.11"]
[White "Dordevic, Tom"]
[Black "Odenthal, Aidan"]
[Result "1/2-1/2"]
[WhiteElo "2224"]
[BlackElo "2045"]
[EventDate "2025.10.18"]
[PlyCount "48"]

1.e4 d6 2.d4 Nf6 3.Nc3 e5 4.Nf3 Nbd7 5.Bc4 Be7 6.O-O O-O 7.Re1 c6 8.a4 a5 
9.h3 Qc7 10.Be3 exd4 11.Nxd4 Nc5 12.Qf3 Re8 13.Bf4 Ne6 14.Nxe6 Bxe6 15.
Bxe6 fxe6 16.e5 Nd5 17.exd6 Bxd6 18.Bxd6 Qxd6 19.Ne4 Qe7 20.Qg3 e5 21.Rad1
Rad8 22.Ng5 h6 23.Ne4 Kh8 24.Nc3 Nf4 1/2-1/2

[Event "28th Hoogeveen op"]
[Site "Hoogeveen NED"]
[Date "2025.10.21"]
[Round "4.12"]
[White "Vistisen, Lars"]
[Black "Kukushkin, Ivan"]
[Result "0-1"]
[WhiteElo "2073"]
[BlackElo "2211"]
[EventDate "2025.10.18"]
[PlyCount "80"]

1.e4 c6 2.d4 d5 3.e5 Bf5 4.Nf3 e6 5.Be2 Nd7 6.O-O a6 7.Nbd2 h6 8.c4 Ne7 9.
Nh4 Bh7 10.f4 dxc4 11.Nxc4 Nd5 12.Nf3 b5 13.Nd6+ Bxd6 14.exd6 Qb8 15.Ne5 
Qxd6 16.Bd3 Bxd3 17.Qxd3 O-O 18.Bd2 N5f6 19.Rac1 Rac8 20.Qe3 Qd5 21.Bb4 
Rfd8 22.b3 Nxe5 23.dxe5 Ng4 24.Qe2 Qd4+ 25.Kh1 Nxh2 26.Kxh2 Qxb4 27.Qf3 c5
28.Qb7 Qa5 29.Rc2 Rc7 30.Qf3 Qb4 31.Rff2 c4 32.Qe4 a5 33.f5 c3 34.Qf3 Qd4 
35.Qg3 Rc5 36.fxe6 fxe6 37.Rfe2 b4 38.Qh3 Rxe5 39.Rf2 Re3 40.Rf3 Qe5+ 0-1

[Event "28th Hoogeveen op"]
[Site "Hoogeveen NED"]
[Date "2025.10.21"]
[Round "4.13"]
[White "De Wit, Evan"]
[Black "Weidenhoefer, Max"]
[Result "1/2-1/2"]
[WhiteElo "2069"]
[BlackElo "2205"]
[EventDate "2025.10.18"]
[PlyCount "120"]

1.d4 d5 2.c4 e6 3.Nc3 Nf6 4.cxd5 exd5 5.Bf4 c6 6.e3 Be7 7.Bd3 Nbd7 8.h3 
Nb6 9.Nf3 h6 10.Qc2 Be6 11.Ne5 Bd6 12.O-O-O Qc7 13.Bh2 O-O-O 14.f4 Kb8 15.
Kb1 Rhe8 16.g4 Re7 17.Bg3 Bc8 18.Rc1 Rde8 19.Qf2 Qd8 20.Bh4 Rc7 21.g5 hxg5
22.Bxg5 Rh8 23.h4 Qe8 24.Bxf6 gxf6 25.Nf3 Re7 26.Rhe1 f5 27.Ne5 f6 28.Nf3 
Rg8 29.a3 Qh5 30.Ne2 Reg7 31.Rg1 Rg4 32.Ng3 Qh7 33.Ne2 Qh5 34.Ng3 Qh7 35.
Ne2 Be6 36.Ng3 Bf8 37.Bf1 Nc8 38.Bh3 Nd6 39.Ne2 Ne4 40.Qh2 R4g6 41.Rxg6 
Rxg6 42.Rg1 Rxg1+ 43.Nexg1 Nd6 44.Ne2 Bf7 45.Ng3 Bg6 46.Bf1 Bh5 47.Nxh5 
Qxh5 48.Qg2 Qe8 49.Qf2 c5 50.Bd3 c4 51.Bc2 Ne4 52.Bxe4 fxe4 53.Nd2 Qh5 54.
Qg2 Kc7 55.Qg8 Bd6 56.Kc2 Kd7 57.Qa8 Kc7 58.Qg8 Kd7 59.Qa8 Kc7 60.Qg8 Kd7 
1/2-1/2

[Event "28th Hoogeveen op"]
[Site "Hoogeveen NED"]
[Date "2025.10.21"]
[Round "4.14"]
[White "Humburg, Philipp"]
[Black "Westerlaan, Sander"]
[Result "0-1"]
[WhiteElo "2204"]
[BlackElo "2034"]
[EventDate "2025.10.18"]
[PlyCount "100"]

1.c4 e6 2.Nc3 d5 3.d4 Nf6 4.Nf3 a6 5.cxd5 exd5 6.Bg5 Be6 7.Qb3 Nbd7 8.e3 
b5 9.Be2 c5 10.O-O c4 11.Qc2 b4 12.Na4 Bd6 13.b3 c3 14.Bd3 Qb8 15.Bh4 O-O 
16.Bg3 Bxg3 17.hxg3 Re8 18.Rfe1 Ne4 19.Nh2 h5 20.Nf3 Qd6 21.Rac1 Bf5 22.
Nh4 Bh7 23.Nf3 g5 24.Nh2 g4 25.Nf1 Bg6 26.Rcd1 Re6 27.Re2 Kg7 28.a3 a5 29.
Ra1 Rh8 30.axb4 axb4 31.Nc5 Ndxc5 32.dxc5 Nxc5 33.Bxg6 Rxg6 34.Ra5 Qb6 35.
Ra2 h4 36.gxh4 Rxh4 37.Ng3 Rh8 38.Qf5 Qe6 39.Qf4 Rf6 40.Qg5+ Kh7 41.Ra7 
Rg8 42.Qh5+ Rh6 43.Qxf7+ Qxf7 44.Rxf7+ Kg6 45.Rc7 Nxb3 46.Rb7 Ra8 47.f4 
Ra1+ 48.Kf2 Nc5 49.Rb6+ Kf7 50.Rxh6 Nd3# 0-1

[Event "28th Hoogeveen op"]
[Site "Hoogeveen NED"]
[Date "2025.10.21"]
[Round "4.15"]
[White "Kazarjan, Gachatur"]
[Black "Makhynia, Kostiantyn"]
[Result "0-1"]
[WhiteElo "2192"]
[BlackElo "1935"]
[EventDate "2025.10.18"]
[PlyCount "56"]

1.e4 c5 2.Nf3 Nc6 3.d4 cxd4 4.Nxd4 Nf6 5.Nc3 e5 6.Ndb5 d6 7.Bg5 a6 8.Na3 
Be6 9.Nc4 Rb8 10.Be2 b5 11.Ne3 Be7 12.Bxf6 Bxf6 13.Ncd5 Bg5 14.O-O O-O 15.
c3 a5 16.Qd3 b4 17.Rfd1 bxc3 18.bxc3 Ne7 19.a4 g6 20.Nxe7+ Bxe7 21.Qa6 Qc7
22.c4 Qc5 23.Nd5 Bd8 24.Nc3 Be7 25.Nd5 Bh4 26.Ne3 Rfd8 27.Bg4 f5 28.exf5 
Bc8 0-1

[Event "28th Hoogeveen op"]
[Site "Hoogeveen NED"]
[Date "2025.10.21"]
[Round "4.16"]
[White "Mostertman, Milan"]
[Black "Fikh, Anthony"]
[Result "1-0"]
[WhiteElo "2236"]
[BlackElo "1942"]
[EventDate "2025.10.18"]
[PlyCount "89"]

1.e4 c6 2.d4 d5 3.Nc3 dxe4 4.Nxe4 Nf6 5.Nxf6+ exf6 6.Be3 Bd6 7.Bd3 Na6 8.
a3 Nc7 9.c4 h5 10.h3 Kf8 11.Ne2 g6 12.O-O Kg7 13.Nc3 Ne6 14.Qd2 Bc7 15.d5 
Qd6 16.f4 Nc5 17.Bc2 cxd5 18.Nxd5 Be6 19.Qf2 Nd7 20.Nxc7 Qxc7 21.b3 f5 22.
Rad1 Rac8 23.Rfe1 Rhe8 24.Bd4+ f6 25.Qg3 Kh6 26.Qh4 Bf7 27.Rxe8 Rxe8 28.
Bxf6 Qc6 29.Bd4 Kh7 30.Re1 Qd6 31.Bb2 Re6 32.Rxe6 Qxe6 33.Qf2 Qd6 34.Qe1 
Kg8 35.Qe3 b6 36.Kf2 Kf8 37.Qd4 Qe6 38.Bd1 Nc5 39.Bf3 Nxb3 40.Qd8+ Qe8 41.
Qd6+ Kg8 42.Qf6 Kf8 43.Bc6 Qe6 44.Qg7+ Ke7 45.Bd5 1-0

[Event "28th Hoogeveen op"]
[Site "Hoogeveen NED"]
[Date "2025.10.21"]
[Round "4.17"]
[White "Lind, Jacco"]
[Black "Moskalets, Sofiia"]
[Result "1/2-1/2"]
[WhiteElo "2045"]
[BlackElo "2176"]
[EventDate "2025.10.18"]
[PlyCount "109"]

1.d4 Nf6 2.c4 g6 3.Nc3 Bg7 4.e4 d6 5.Be2 O-O 6.Be3 e5 7.d5 Na6 8.h4 Nc5 9.
Qc2 h5 10.f3 a5 11.Qd2 Bd7 12.Bh6 Kh7 13.Bg5 Qc8 14.g4 c6 15.O-O-O cxd5 
16.Bxf6 Bxf6 17.Nxd5 Qd8 18.gxh5 gxh5 19.Nxf6+ Qxf6 20.Qxd6 Qxd6 21.Rxd6 
Be6 22.Nh3 f6 23.Nf2 Rg8 24.Kd2 Rad8 25.Rxd8 Rxd8+ 26.Kc3 Na4+ 27.Kc2 Nxb2
28.Rb1 Nxc4 29.Rxb7+ Kg6 30.Bxc4 Bxc4 31.Ra7 Bxa2 32.Rxa5 Bc4 33.Rc5 Be2 
34.Rc3 Kf7 35.Re3 Bb5 36.Rc3 Rg8 37.Kd2 Rg2 38.Ke3 Rh2 39.Rc1 Rxh4 40.Rh1 
Rxh1 41.Nxh1 Kg6 42.f4 h4 43.Kf3 f5 44.Nf2 Bc6 45.fxe5 fxe4+ 46.Kg4 e3 47.
Nd3 Bd7+ 48.Kxh4 Kf5 49.Kg3 Bc6 50.Ne1 Kxe5 51.Nc2 e2 52.Kf2 Bb5 53.Ke1 
Ke4 54.Nb4 Ke5 55.Kd2 1/2-1/2

[Event "28th Hoogeveen op"]
[Site "Hoogeveen NED"]
[Date "2025.10.21"]
[Round "4.18"]
[White "Timmermans, Raymond"]
[Black "Mijnheer, Peter"]
[Result "1/2-1/2"]
[WhiteElo "2013"]
[BlackElo "2104"]
[EventDate "2025.10.18"]
[PlyCount "50"]

1.e4 e6 2.d4 d5 3.Bd3 dxe4 4.Bxe4 Nf6 5.Bf3 Nbd7 6.Ne2 Bd6 7.O-O O-O 8.
Nbc3 c6 9.Re1 e5 10.g3 exd4 11.Nxd4 Ne5 12.Ne4 Nxf3+ 13.Qxf3 Nxe4 14.Rxe4 
f5 15.Qb3+ Kh8 16.Ne6 Bxe6 17.Rxe6 f4 18.Bxf4 Bxf4 19.gxf4 Rxf4 20.Rae1 
Qh4 21.Re8+ Rf8 22.Qf7 Raxe8 23.Rxe8 Qg4+ 24.Kh1 Qd1+ 25.Kg2 Qg4+ 1/2-1/2

[Event "28th Hoogeveen op"]
[Site "Hoogeveen NED"]
[Date "2025.10.21"]
[Round "4.19"]
[White "Baarspul, Bram"]
[Black "Bakija, Alan"]
[Result "0-1"]
[WhiteElo "1894"]
[BlackElo "2082"]
[EventDate "2025.10.18"]
[PlyCount "84"]

1.e4 d6 2.d4 Nf6 3.Nc3 e5 4.dxe5 dxe5 5.Qxd8+ Kxd8 6.Bc4 Ke8 7.Nf3 Bd6 8.
h3 Nbd7 9.O-O c6 10.a4 a5 11.Ne1 Nc5 12.f3 Be6 13.Bxe6 Nxe6 14.Be3 Bc5 15.
Kf2 Nd7 16.Nd3 Bxe3+ 17.Kxe3 Nec5 18.Rfd1 Nxd3 19.Rxd3 Nc5 20.Rd2 h5 21.
Nd1 Rh6 22.Nf2 Rd8 23.Rxd8+ Kxd8 24.Nd3 Nxd3 25.Rd1 Kc7 26.Rxd3 Rd6 27.
Rxd6 Kxd6 28.Kd3 Kc5 29.Kc3 b5 30.axb5 cxb5 31.g3 b4+ 32.Kb3 Kb5 33.c4+ 
Kc5 34.g4 hxg4 35.hxg4 f6 36.g5 fxg5 37.Ka4 Kxc4 38.Kxa5 b3 39.Ka4 g6 40.
Ka5 Kd3 41.Kb4 Kc2 42.Ka3 g4 0-1

[Event "28th Hoogeveen op"]
[Site "Hoogeveen NED"]
[Date "2025.10.21"]
[Round "4.20"]
[White "Aamuktha, Guntaka"]
[Black "Safin, Safarullakhan"]
[Result "1-0"]
[WhiteElo "2069"]
[BlackElo "1915"]
[EventDate "2025.10.18"]
[PlyCount "185"]

1.e4 c5 2.Nf3 d6 3.d4 cxd4 4.Nxd4 Nf6 5.Nc3 a6 6.Be3 Ng4 7.Bc1 Nc6 8.Be2 
Nf6 9.O-O e5 10.Nb3 Be7 11.Bg5 O-O 12.Bxf6 Bxf6 13.Nd5 Bg5 14.a4 a5 15.c3 
Be6 16.Bc4 Ne7 17.Qd3 Ng6 18.Rfd1 Rc8 19.g3 Kh8 20.Nd2 Bxd2 21.Rxd2 Qg5 
22.Ba2 Nh4 23.Re2 f5 24.exf5 Bxf5 25.Qe3 Qg4 26.f4 exf4 27.Nxf4 Bd7 28.Rf2
Rce8 29.Qd3 Bc6 30.Bd5 Bxd5 31.Qxd5 Nf5 32.Qf3 Qg5 33.Qh5 Qxh5 34.Nxh5 g6 
35.Nf4 Re4 36.Nd5 Kg7 37.Rf4 Re2 38.Raf1 Rfe8 39.g4 Nh6 40.Rc4 R2e5 41.
Rc7+ Kh8 42.Nf6 R8e7 43.Rc8+ Kg7 44.h4 Nf5 45.Ng8 Re8 46.Rxe8 Rxe8 47.gxf5
Rxg8 48.Rd1 Rd8 49.fxg6 hxg6 50.Rd5 b6 51.Kf2 Kf7 52.Kg3 Ke6 53.Rg5 Kf7 
54.Rb5 Rb8 55.Kf3 Ke6 56.Kg4 Kf7 57.Kg5 Kg7 58.Rd5 Rd8 59.Rb5 Rb8 60.b4 
axb4 61.cxb4 Ra8 62.Rxb6 Rxa4 63.Rb7+ Kf8 64.Kxg6 d5 65.Kf6 Ra6+ 66.Ke5 
Rh6 67.Kxd5 Ke8 68.Rg7 Rxh4 69.b5 Rh6 70.Rc7 Kd8 71.Rc6 Rh5+ 72.Kc4 Kd7 
73.Kb4 Rh1 74.Ka5 Rb1 75.Ka6 Rb2 76.Rc1 Rb3 77.b6 Ra3+ 78.Kb7 Kd6 79.Kb8 
Rb3 80.b7 Rb2 81.Kc8 Rb3 82.b8=Q+ Rxb8+ 83.Kxb8 Kd7 84.Kb7 Kd6 85.Re1 Kd7 
86.Rd1+ Ke8 87.Kc7 Kf8 88.Kd7 Kf7 89.Rf1+ Kg8 90.Ke6 Kh7 91.Kf6 Kg8 92.Rh1
Kf8 93.Rh8# 1-0

[Event "28th Hoogeveen op"]
[Site "Hoogeveen NED"]
[Date "2025.10.21"]
[Round "4.21"]
[White "Abel, Sajan"]
[Black "Nigmatov, Ortik"]
[Result "0-1"]
[WhiteElo "2046"]
[BlackElo "2485"]
[EventDate "2025.10.18"]
[PlyCount "111"]

1.e4 c5 2.Nf3 d6 3.d4 cxd4 4.Nxd4 Nf6 5.Nc3 Nc6 6.Bg5 e6 7.Qd3 a6 8.O-O-O 
Bd7 9.f4 Be7 10.Nf3 h6 11.Bh4 g5 12.fxg5 Ng4 13.Qd2 Nge5 14.Bg3 hxg5 15.
Be2 b5 16.a3 Rb8 17.Rhf1 b4 18.axb4 Rxb4 19.b3 Qc7 20.Kb2 g4 21.Nxe5 dxe5 
22.Rxf7 Kxf7 23.Qxd7 Qxd7 24.Rxd7 Nb8 25.Rc7 Kf6 26.Bxg4 Bd6 27.Ra7 Bc5 
28.Rc7 Bb6 29.Rb7 a5 30.Ka2 Na6 31.Rd7 Rd4 32.Nd5+ exd5 33.Rd6+ Kg5 34.
Rxb6 Nb4+ 35.Kb2 Rxe4 36.Bf3 Re3 37.h4+ Kf5 38.Bf2 Rxf3 39.gxf3 Rc8 40.Kb1
Rxc2 41.Rxb4 Rxf2 42.Rb8 Kf4 43.Rf8+ Ke3 44.Rf5 e4 45.fxe4 d4 46.Rxa5 d3 
47.Rd5 Rf1+ 48.Kb2 d2 49.Kc3 d1=Q 50.Rxd1 Rxd1 51.Kc4 Kxe4 52.b4 Rc1+ 53.
Kb5 Kd5 54.h5 Rh1 55.Kb6 Rxh5 56.b5 0-1

[Event "28th Hoogeveen op"]
[Site "Hoogeveen NED"]
[Date "2025.10.21"]
[Round "4.22"]
[White "Bosboom, Manuel"]
[Black "Duchene, Rene"]
[Result "1-0"]
[WhiteElo "2355"]
[BlackElo "2055"]
[EventDate "2025.10.18"]
[PlyCount "71"]

1.e4 c5 2.Nf3 g6 3.c3 d5 4.exd5 Qxd5 5.d4 Bg7 6.Be3 cxd4 7.cxd4 Nh6 8.Nc3 
Qa5 9.Bxh6 Bxh6 10.Bc4 O-O 11.O-O Bg4 12.Re1 Qb4 13.Bb3 Nc6 14.Re4 Bxf3 
15.Qxf3 Nxd4 16.Qh3 Bg7 17.Nd5 Qc5 18.Nxe7+ Kh8 19.Rae1 Nxb3 20.axb3 Rad8 
21.b4 Qc7 22.Qb3 Qd6 23.h4 Rd7 24.h5 Bf6 25.Qe3 Qd2 26.Qf3 Bxe7 27.Rxe7 
Rxe7 28.Rxe7 Qc1+ 29.Kh2 Qg5 30.Rxb7 Qh4+ 31.Kg1 Rc8 32.Qe3 Qxh5 33.Rxf7 
Qd1+ 34.Kh2 Qh5+ 35.Kg3 Qd5 36.Qe7 1-0

[Event "28th Hoogeveen op"]
[Site "Hoogeveen NED"]
[Date "2025.10.21"]
[Round "4.23"]
[White "Xue, Luka"]
[Black "Moghe, Parth"]
[Result "1-0"]
[WhiteElo "2031"]
[BlackElo "2199"]
[EventDate "2025.10.18"]
[PlyCount "136"]

1.d4 Nf6 2.c4 g6 3.f3 Bg7 4.e4 d6 5.Nc3 c6 6.Nge2 Qc7 7.Be3 e5 8.d5 Nbd7 
9.Qd2 a6 10.Rc1 c5 11.g4 Rb8 12.a4 h5 13.g5 Ng8 14.h4 Ne7 15.Bh3 Nb6 16.
Qd3 Bxh3 17.Rxh3 Qd7 18.Rh1 Nxa4 19.Rb1 Nxc3 20.Nxc3 O-O 21.b4 b6 22.b5 
axb5 23.Rxb5 Nc8 24.Kf2 Na7 25.Rb2 Rb7 26.Kg3 Rfb8 27.Rhb1 f5 28.Bd2 Nc8 
29.Rb5 Ne7 30.Qe2 Nc8 31.Be1 Ra7 32.R5b3 Qf7 33.Bd2 Bf8 34.Nb5 Rab7 35.Ra1
Qd7 36.Bc3 f4+ 37.Kh2 Na7 38.Qb2 Nxb5 39.Rxb5 Be7 40.Ra6 Qc7 41.Qa2 Qd8 
42.Be1 Kh7 43.Kh3 Bf8 44.Kh2 Be7 45.Kh3 Qc7 46.Kg2 Bd8 47.Qa4 Qf7 48.Rb1 
Rc8 49.Rb3 Qd7 50.Rb5 Qe7 51.Rb3 Rcc7 52.Rbxb6 Rxb6 53.Rxb6 Ra7 54.Ra6 Rb7
55.Qc6 Qd7 56.Qxd6 Rb2+ 57.Kg1 Qxd6 58.Rxd6 Bb6 59.Rd7+ Kg8 60.Rb7 Rb1 61.
Kf2 Rb2+ 62.Kf1 Rb1 63.Ke2 Rb2+ 64.Kd3 Rb3+ 65.Bc3 Rb1 66.Kc2 Rf1 67.Rxb6 
Rxf3 68.Rxg6+ Kf7 1-0

[Event "28th Hoogeveen op"]
[Site "Hoogeveen NED"]
[Date "2025.10.21"]
[Round "4.24"]
[White "Groenewoud, Joel"]
[Black "Hoffman, Ron"]
[Result "1/2-1/2"]
[WhiteElo "2175"]
[BlackElo "2027"]
[EventDate "2025.10.18"]
[PlyCount "42"]

1.e4 e6 2.d4 d5 3.e5 c5 4.c3 Nc6 5.Nf3 Nge7 6.Be2 Nf5 7.O-O cxd4 8.cxd4 
Qb6 9.Be3 Qxb2 10.Nbd2 Nfxd4 11.Nxd4 Nxd4 12.Rb1 Nxe2+ 13.Qxe2 Qc2 14.Rfc1
Qa4 15.Rc7 b6 16.Qh5 Bd7 17.Nf3 g6 18.Qg5 Be7 19.Qh6 Bf8 20.Qg5 Be7 21.Qh6
Bf8 1/2-1/2

[Event "28th Hoogeveen op"]
[Site "Hoogeveen NED"]
[Date "2025.10.21"]
[Round "4.25"]
[White "Li, Hewei"]
[Black "Aravindhan, Achyuth"]
[Result "1-0"]
[WhiteElo "2022"]
[BlackElo "2144"]
[EventDate "2025.10.18"]
[PlyCount "89"]

1.e4 c5 2.Nf3 Nc6 3.Bb5 g6 4.Bxc6 dxc6 5.d3 Bg7 6.O-O b6 7.h3 Nf6 8.a4 a5 
9.Na3 Qc7 10.Qe2 O-O 11.Nc4 b5 12.Na3 Ba6 13.e5 Nd5 14.c4 Nb4 15.Be3 Rfd8 
16.Rfd1 Bxe5 17.Bxc5 Bf6 18.Rac1 Qf4 19.Be3 Qd6 20.d4 bxc4 21.Nxc4 Qe6 22.
b3 Rab8 23.Qe1 Qf5 24.Nce5 Qe6 25.Bd2 Rd6 26.Rc5 Qxb3 27.Bxb4 Rxb4 28.Nxc6
Re6 29.Nfe5 Bxe5 30.dxe5 Rxa4 31.Nd4 Rxd4 32.Rxd4 a4 33.Ra5 a3 34.Rda4 Bc8
35.Rxa3 Qb6 36.Ra8 Rc6 37.Rc3 Qb7 38.Rxc6 Qxa8 39.Rc7 Bb7 40.Qc1 Kg7 41.
Rxe7 Bxg2 42.e6 Bh1 43.Rxf7+ Kg8 44.f3 Bxf3 45.Qc3 1-0

[Event "28th Hoogeveen op"]
[Site "Hoogeveen NED"]
[Date "2025.10.21"]
[Round "4.26"]
[White "Boeren, Jurriaan"]
[Black "De Jong, Lode"]
[Result "1-0"]
[WhiteElo "2112"]
[BlackElo "1986"]
[EventDate "2025.10.18"]
[PlyCount "41"]

1.e4 c5 2.Nf3 e6 3.d4 cxd4 4.Nxd4 a6 5.c4 Nf6 6.Nc3 Bb4 7.Qd3 d5 8.exd5 
exd5 9.Be2 O-O 10.O-O dxc4 11.Qxc4 Bd6 12.Rd1 Qa5 13.h3 Nbd7 14.Nf3 Bb8 
15.Be3 b6 16.b4 Qh5 17.Nd5 Bb7 18.Ne7+ Kh8 19.Ng5 Ne5 20.Bxh5 Nxc4 21.
Nxf7+ 1-0

[Event "28th Hoogeveen op"]
[Site "Hoogeveen NED"]
[Date "2025.10.21"]
[Round "4.27"]
[White "Valiente, Paulo"]
[Black "Yekeler, Kerem Sarp"]
[Result "0-1"]
[WhiteElo "2017"]
[BlackElo "2112"]
[EventDate "2025.10.18"]
[PlyCount "58"]

1.c4 e5 2.Nc3 Nf6 3.g3 Bc5 4.Bg2 c6 5.e4 d6 6.h3 O-O 7.d3 a5 8.Nge2 Nbd7 
9.O-O Re8 10.Kh2 Nf8 11.d4 exd4 12.Nxd4 a4 13.Rb1 Bb4 14.Nde2 a3 15.b3 Qa5
16.Qc2 Qh5 17.f3 d5 18.g4 Qg6 19.Nf4 Bd6 20.Kg1 Bxf4 21.Bxf4 dxe4 22.Nxe4 
Nxe4 23.fxe4 Ne6 24.Qf2 Nxf4 25.Qxf4 Be6 26.Rbd1 Ra5 27.Qc7 Qg5 28.Rd6 
Raa8 29.Qxb7 Qc5+ 0-1

[Event "28th Hoogeveen op"]
[Site "Hoogeveen NED"]
[Date "2025.10.21"]
[Round "4.28"]
[White "Kamphuis, Jasper"]
[Black "Struik, Marcel"]
[Result "1-0"]
[WhiteElo "2104"]
[BlackElo "1945"]
[EventDate "2025.10.18"]
[PlyCount "49"]

1.e4 c6 2.d4 d5 3.e5 c5 4.dxc5 Nc6 5.f4 e6 6.Be3 d4 7.Bf2 Bxc5 8.Nd2 Nge7 
9.a3 O-O 10.Bd3 Nd5 11.Qh5 h6 12.Ne2 f5 13.exf6 Qxf6 14.Ne4 Qe7 15.Bh4 Qc7
16.Nxc5 Qa5+ 17.b4 Ncxb4 18.O-O Nxd3 19.Nxd3 Bd7 20.Nxd4 Qa4 21.Qe5 Bc6 
22.Nc5 Qc4 23.Ncxe6 Rf7 24.Rf3 Nf6 25.Rg3 1-0

[Event "28th Hoogeveen op"]
[Site "Hoogeveen NED"]
[Date "2025.10.21"]
[Round "4.29"]
[White "Stefan, Iulia-Cristiana"]
[Black "Van de Pavoordt, Max"]
[Result "1-0"]
[WhiteElo "1997"]
[BlackElo "2098"]
[EventDate "2025.10.18"]
[PlyCount "95"]

1.d4 d5 2.Nf3 Nf6 3.c4 c6 4.Qb3 e6 5.Bg5 a5 6.a3 Nbd7 7.e3 Be7 8.Nc3 O-O 
9.Bd3 dxc4 10.Bxc4 b5 11.Be2 Bb7 12.O-O Re8 13.Rfd1 Nb6 14.Bxf6 Bxf6 15.
Ne4 Be7 16.Ne5 Qd5 17.Qc2 Rac8 18.Bf3 Qd8 19.Nc5 Ba8 20.Nxf7 Kxf7 21.Qxh7 
Bf6 22.Bh5+ Ke7 23.Qg6 Rf8 24.e4 Nd7 25.e5 Qc7 26.exf6+ Nxf6 27.Qxg7+ Kd6 
28.Qg3+ Ke7 29.Qxc7+ Rxc7 30.Bf3 Kd6 31.Re1 Re7 32.Re5 Bb7 33.Rae1 Bc8 34.
Ne4+ Nxe4 35.Bxe4 Rf4 36.g3 Rg7 37.Kf1 Rf6 38.f4 b4 39.Rxa5 Rb7 40.Rc1 Bd7
41.a4 b3 42.Rc4 Rf8 43.Rac5 Rb6 44.h4 Ra8 45.h5 Rba6 46.h6 Rxa4 47.Rxa4 
Rxa4 48.h7 1-0

[Event "28th Hoogeveen op"]
[Site "Hoogeveen NED"]
[Date "2025.10.21"]
[Round "4.30"]
[White "Bakels, Anton"]
[Black "Riechenberg, Sebastian"]
[Result "0-1"]
[WhiteElo "1981"]
[BlackElo "2073"]
[EventDate "2025.10.18"]
[PlyCount "54"]

1.e4 c5 2.Nf3 d6 3.d4 cxd4 4.Nxd4 Nf6 5.Nc3 e5 6.Bb5+ Nbd7 7.Nb3 a6 8.Be2 
Be7 9.Be3 O-O 10.Qd2 b5 11.f3 Bb7 12.O-O Rc8 13.a4 b4 14.Nd5 Nxd5 15.exd5 
Nf6 16.f4 Nxd5 17.fxe5 Nxe3 18.Qxe3 dxe5 19.Rad1 Qc7 20.Bd3 g6 21.Rde1 f6 
22.Qh6 f5 23.Re3 e4 24.Rg3 Qb6+ 25.Kh1 exd3 26.Rh3 Rf7 27.Rxf5 Qe6 0-1

[Event "28th Hoogeveen op"]
[Site "Hoogeveen NED"]
[Date "2025.10.21"]
[Round "4.31"]
[White "Labruyere, Roger"]
[Black "Mellema, Andries"]
[Result "1-0"]
[WhiteElo "2205"]
[BlackElo "2142"]
[EventDate "2025.10.18"]
[PlyCount "99"]

1.e4 e6 2.d4 d5 3.Nd2 c5 4.Ngf3 cxd4 5.Nxd4 Nc6 6.Bb5 Bd7 7.Nxc6 bxc6 8.
Bd3 Bd6 9.Qe2 Qc7 10.Nf3 dxe4 11.Qxe4 Nf6 12.Qh4 h6 13.O-O c5 14.Re1 Bc6 
15.Qh3 Nd5 16.Be4 Rd8 17.b3 Be7 18.Bb2 Bf6 19.Bxf6 Nxf6 20.Bxc6+ Qxc6 21.
Ne5 Qc7 22.c4 O-O 23.Qf3 Rd6 24.h4 h5 25.Re3 Rfd8 26.Rae1 Rd2 27.a3 a5 28.
Qg3 Rd1 29.Qf3 R1d6 30.g3 Qb6 31.Kh1 Rd2 32.Kg1 R2d6 33.Qf4 Rd1 34.Rxd1 
Rxd1+ 35.Kg2 a4 36.Qf3 Rd8 37.b4 cxb4 38.axb4 Rc8 39.b5 Qc5 40.Qb7 Qf8 41.
b6 Ng4 42.Nxg4 hxg4 43.Qa6 Ra8 44.Qb5 Qd8 45.Qb4 Rc8 46.Ra3 Qd4 47.Rxa4 
Qe4+ 48.Kg1 Rd8 49.Ra1 Rc8 50.b7 1-0

[Event "28th Hoogeveen op"]
[Site "Hoogeveen NED"]
[Date "2025.10.21"]
[Round "4.32"]
[White "Xu, Alex"]
[Black "Albin, Sajan"]
[Result "1/2-1/2"]
[WhiteElo "2027"]
[BlackElo "2101"]
[EventDate "2025.10.18"]
[PlyCount "80"]

1.e4 c5 2.Nf3 e6 3.d4 cxd4 4.Nxd4 Nc6 5.Nc3 Qc7 6.Be3 a6 7.a3 Nf6 8.Be2 
Be7 9.O-O O-O 10.f4 d6 11.Kh1 Nxd4 12.Bxd4 b5 13.Qe1 Bb7 14.Bd3 Rfd8 15.
Qg3 d5 16.exd5 Bxd5 17.Nxd5 exd5 18.Rae1 Re8 19.Qh3 h6 20.g4 Ne4 21.g5 Bc5
22.Be5 Qc8 23.Qh5 Qf5 24.Qf3 hxg5 25.Rxe4 g4 26.Ree1 Qxe5 27.Rxe5 gxf3 28.
Rxd5 Be3 29.Rxf3 Bc1 30.c4 Bxb2 31.cxb5 axb5 32.Bxb5 Re1+ 33.Rf1 Rxf1+ 34.
Bxf1 Rxa3 35.Rd8+ Kh7 36.Bd3+ g6 37.h4 Ra4 38.h5 Rxf4 39.hxg6+ fxg6 40.Rd6
Bf6 1/2-1/2

[Event "28th Hoogeveen op"]
[Site "Hoogeveen NED"]
[Date "2025.10.21"]
[Round "4.33"]
[White "Grooten, Herman"]
[Black "Gerrits, Augustin"]
[Result "1-0"]
[WhiteElo "2183"]
[BlackElo "2074"]
[EventDate "2025.10.18"]
[PlyCount "91"]

1.d4 d5 2.c4 c6 3.Nf3 Nf6 4.g3 g6 5.Bg2 Bg7 6.Nc3 O-O 7.O-O dxc4 8.h3 b5 
9.Ne5 a6 10.g4 Ra7 11.a4 b4 12.Nb1 Be6 13.e4 Ne8 14.Be3 Bxe5 15.dxe5 Rd7 
16.Qe2 Rd3 17.f4 a5 18.Rc1 f5 19.gxf5 gxf5 20.Nd2 Kh8 21.Kh2 c3 22.bxc3 
bxc3 23.Nf1 Ng7 24.Ng3 Na6 25.Ra3 Nb4 26.Raxc3 fxe4 27.Bxe4 Rxc3 28.Rxc3 
Nf5 29.Bc5 Nd5 30.Rf3 Nh4 31.f5 Nxf3+ 32.Qxf3 Qb8 33.Qf2 Qb3 34.Bxd5 Bxd5 
35.Bxe7 Rb8 36.Ne2 Qf3 37.Bf6+ Kg8 38.Qg1+ Qg2+ 39.Qxg2+ Bxg2 40.Kxg2 Kf7 
41.Bh4 Rb4 42.e6+ Ke8 43.Bg5 Rxa4 44.f6 Re4 45.f7+ Kf8 46.Bh6+ 1-0

[Event "28th Hoogeveen op"]
[Site "Hoogeveen NED"]
[Date "2025.10.21"]
[Round "4.34"]
[White "Van Helvoort, Rob"]
[Black "Van der Lubben, Arno"]
[Result "1/2-1/2"]
[WhiteElo "2095"]
[BlackElo "2005"]
[EventDate "2025.10.18"]
[PlyCount "134"]

1.e4 e5 2.Nf3 Nc6 3.Nc3 Nf6 4.d4 exd4 5.Nxd4 Nxe4 6.Nxe4 Qe7 7.f3 d5 8.Bb5
Bd7 9.Bxc6 bxc6 10.O-O dxe4 11.fxe4 g6 12.Bf4 Bg7 13.e5 O-O 14.Re1 Qb4 15.
Rb1 c5 16.c3 Qb6 17.Nc2 Bf5 18.c4 Rad8 19.Qc1 Qa6 20.b3 Qxa2 21.Rb2 Qa6 
22.Ne3 Be6 23.Qc2 Rd4 24.Qf2 Qb7 25.Nf1 f6 26.Be3 Rg4 27.Bxc5 Rf7 28.Rd1 
h5 29.Rd8+ Kh7 30.Qe2 fxe5 31.h3 Re4 32.Qd2 Bh6 33.Rh8+ Kxh8 34.Qxh6+ Rh7 
35.Qf8+ Bg8 36.Qf6+ Rg7 37.Rf2 Qc8 38.Bf8 Qd7 39.Ra2 Rf4 40.Qxg7+ Qxg7 41.
Bxg7+ Kxg7 42.Rxa7 Rf7 43.Nd2 g5 44.Ra5 Kf6 45.Kf2 Rd7 46.Ke3 Bh7 47.Ra6+ 
Kg7 48.Ne4 Rd4 49.Nxg5 Rd3+ 50.Ke2 Rxb3 51.Nxh7 Kxh7 52.Rc6 Rc3 53.c5 Kg7 
54.Rxc7+ Kf6 55.c6 Ke6 56.Rh7 Rxc6 57.Rxh5 Rc2+ 58.Kf3 e4+ 59.Kg3 e3 60.
Kf3 e2 61.Kf2 e1=Q+ 62.Kxe1 Rxg2 63.Kf1 Ra2 64.Rg5 Kf6 65.Rh5 Kg6 66.Rd5 
Kf6 67.h4 Kg6 1/2-1/2